| 000 | 00851nam a2200217 a 4500 | ||
|---|---|---|---|
| 001 | 64895 | ||
| 003 | BD-RjUL | ||
| 005 | 20211209081351.0 | ||
| 008 | 170223s2007 bg a|||| |||| 00| 0 eng d | ||
| 035 | _a(BD-RjUL)65025 | ||
| 040 |
_aBD-RjUL _bben _cBD-RjUL _dBD-RjUL |
||
| 041 | _aben | ||
| 082 |
_223 _a370.92 _bHOJ 2007 |
||
| 100 | 1 |
_aহোসেন, মোহাম্মাদ ফজলী _9192360 |
|
| 245 | 0 | 1 |
_aজীবন স্মৃতি / _cমোহাম্মাদ ফজলী হোসেন |
| 260 |
_aচট্টগ্রাম : _bচট্টগ্রাম বিশ্ববিদ্যালয়, _c২০০৭. |
||
| 300 |
_a১৩১ পৃ. : _bচিত্র. ; _c২৪ সেমি. |
||
| 650 |
_aশিক্ষাবীদ _vজীবনী _9192034 |
||
| 650 |
_a Educator _vBiography _9192361 |
||
| 942 |
_2ddc _cBK |
||
| 999 |
_c64895 _d64895 |
||